[Event "Gandalf"]
[Site "http://www.queenalice.com/game.php?id=624173"]
[Date "2009.7.24"]
[Round "1"]
[White "Gandalfs"]
[Black "The_Clown"]
[Result "0-1"]
[WhiteElo "1268"]
[BlackElo "1336"]

1. e4 e5 2. d3 d5 3. g3 d4 4. h4 Nf6 5. Bh3 Nbd7 6. g4 Be7 7. g5 Ng8 8. b3 f6 9.
g6 hxg6 10. Ba3 Bxa3 11. Nxa3 Ne7 12. c4 dxc3 13. Rc1 Rxh4 14. Nf3 Rh8 15. Rxc3
Nc6 16. Nc4 Nb6 17. Rg1 Rxh3 18. Qe2 Be6 19. Rxg6 Qe7 20. a4 Nxc4 21. bxc4 O-O-O
22. Nd2 Rh1+ 23. Nf1 Nd4 24. Qa2 Bh3 25. Qa3 Rxf1+ 26. Kd2 Qf7 27. Rg3 Rxf2+ 28.
Ke3 Re2# 0-1

[Event "Challenge"]
[Site "http://www.queenalice.com/game.php?id=631690"]
[Date "2009.8.6"]
[Round "-"]
[White "thedemolisher"]
[Black "Gandalfs"]
[Result "1-0"]
[WhiteElo "1500"]
[BlackElo "1255"]

1. e4 e5 2. Nf3 Nc6 3. Be2 Nd4 4. d3 Nxe2 5. Qxe2 d5 6. Nxe5 dxe4 7. dxe4 f6 8.
Qh5+ g6 9. Nxg6 Bg7 10. Nxh8+ Ke7 11. Qf7+ Kd6 12. Qxg7 b5 13. Nf7+ Ke7 14.
Nxd8+ Kd6 15. Qxg8 1-0

[Event "Challenge"]
[Site "http://www.queenalice.com/game.php?id=776132"]
[Date "2010.5.15"]
[Round "-"]
[White "Gandalfs"]
[Black "Kalev17"]
[Result "0-1"]
[WhiteElo "1242"]
[BlackElo "1704"]

1. e4 c6 2. Nf3 d5 3. d3 dxe4 4. Ne5 exd3 5. Qf3 Qa5+ 6. Nc3 Qxe5+ 7. Kd2 dxc2
8. Bd3 Nf6 9. Kxc2 Bg4 10. Qe3 Qxe3 0-1

[Event "Challenge"]
[Site "http://www.queenalice.com/game.php?id=776137"]
[Date "2010.5.15"]
[Round "-"]
[White "lame"]
[Black "Gandalfs"]
[Result "1-0"]
[WhiteElo "1096"]
[BlackElo "1242"]

1. Nc3 e5 2. e4 d6 3. Bb5+ c6 4. Ba4 b5 5. Bb3 Nf6 6. f3 Na6 7. Qe2 Nc5 8. d3 b4
9. Na4 Ba6 10. c3 bxc3 11. bxc3 Bxd3 12. Qd2 Qa5 13. g4 Rb8 14. c4 Nxb3 15. axb3
Rxb3 16. Qxa5 Nd7 17. Qxa7 Bxc4 18. Qa8+ Ke7 19. Bg5+ f6 20. Bh4 g5 21. Bf2 Bg7
22. Qxc6 Bb5 23. Qc2 Nc5 24. Nxc5 Rxf3 25. Nxf3 dxc5 26. Qxc5+ Ke6 27. Qxb5 Rd8
28. Qb6+ Rd6 29. Qb8 Rd3 30. Ra6+ Kf7 31. Ra7+ Kg6 32. Qe8+ Kh6 33. Qg8 Bf8 34.
Qxf8+ Kg6 35. Qg7# 1-0

[Event "Challenge"]
[Site "http://www.queenalice.com/game.php?id=783565"]
[Date "2010.5.31"]
[Round "-"]
[White "Gandalfs"]
[Black "palergiuseppe"]
[Result "1-0"]
[WhiteElo "1242"]
[BlackElo "1198"]

1. e4 d6 2. Nc3 Nf6 3. Nd5 Nxe4 4. Bb5+ Bd7 5. Bxd7+ Nxd7 6. Nf3 c6 7. Nxe7 Bxe7
8. Nd4 Qb6 9. Qg4 Qxd4 10. O-O Ndf6 11. Qxg7 O-O-O 12. c3 Qe5 13. Qxf7 d5 14. d3
Ng5 15. Bxg5 Rdf8 16. Qg7 Qe6 17. Rfe1 Qd7 18. Rxe7 Qxe7 19. Qxe7 Nd7 20. Re1
Rxf2 21. Kxf2 Rg8 22. Bf4 b5 23. Re6 Kb7 24. Qxd7+ Kb6 25. c4 Rb8 26. Qxc6+ Ka5
27. Bd2+ 1-0

[Event "América Latina"]
[Site "http://www.queenalice.com/game.php?id=785613"]
[Date "2010.6.4"]
[Round "-"]
[White "alamanerademachine"]
[Black "Gandalfs"]
[Result "1-0"]
[WhiteElo "1405"]
[BlackElo "1241"]

1. e4 e6 2. e5 Nc6 3. Nf3 Nge7 4. Ng5 Nxe5 5. d4 N5c6 6. Qf3 f6 7. Nh3 Nxd4 8.
Qh5+ g6 9. Qc5 e5 10. c3 Nef5 11. Qc4 d5 12. Qa4+ b5 13. Bxb5+ Nxb5 14. Qxb5+
Bd7 15. Qxd5 Ne7 16. Qb7 h5 17. O-O Bh6 18. f4 exf4 19. Bxf4 g5 20. Bxc7 Rb8 21.
Bxb8 Qb6+ 22. Qxb6 axb6 23. Rxf6 Bg7 24. Rxb6 Rf8 25. Nxg5 Rf6 26. Be5 Nf5 27.
Bd4 Ke7 28. Bc5+ Ke8 29. Rb8+ Bc8 30. Rxc8+ Kd7 31. Rg8 1-0

[Event "Challenge"]
[Site "http://www.queenalice.com/game.php?id=785615"]
[Date "2010.6.4"]
[Round "-"]
[White "juliocesar"]
[Black "Gandalfs"]
[Result "1-0"]
[WhiteElo "1198"]
[BlackElo "1232"]

1. Nc3 e5 2. e4 Nf6 3. Nf3 d6 4. Bb5+ c6 5. Bc4 d5 6. exd5 e4 7. Nh4 cxd5 8.
Bb5+ Bd7 9. Qe2 a6 10. Ba4 b5 11. Bb3 b4 12. Bxd5 Nxd5 13. Nxe4 Qxh4 14. Ng3+
Be7 15. d3 Bg4 16. Qd2 Bc5 17. h3 Qe7+ 18. Kf1 O-O 19. hxg4 Re8 20. a3 bxa3 21.
bxa3 a5 22. Bb2 Ra6 23. Ne4 Nf6 24. Re1 Nbd7 25. f3 Ne5 26. Qe2 h5 27. gxh5 Nxd3
28. cxd3 1-0

[Event "Challenge"]
[Site "http://www.queenalice.com/game.php?id=788135"]
[Date "2010.6.10"]
[Round "-"]
[White "blackwolf"]
[Black "Gandalfs"]
[Result "1-0"]
[WhiteElo "1876"]
[BlackElo "1256"]

1. d4 e6 2. c4 c6 3. Nc3 Bb4 4. Bd2 d5 5. a3 Bxc3 6. Bxc3 Nf6 7. Nf3 Ne4 8. Qc2
b5 9. cxb5 cxb5 10. e3 e5 11. Bxb5+ Bd7 12. Bxd7+ Qxd7 13. Bb4 Nc6 14. Nxe5 Nxb4
15. axb4 Rc8 16. Qb3 Qb5 17. f3 O-O 18. fxe4 f6 19. Nd3 Qc4 20. Qxc4 dxc4 21.
Nc5 g5 22. Rxa7 c3 23. bxc3 Ra8 24. Rxa8 Rxa8 25. O-O g4 26. g3 h5 27. Rf2 Kg7
28. Kg2 Kg6 29. h3 h4 30. b5 Ra1 31. b6 Rh1 32. Kxh1 hxg3 33. Rg2 gxh3 34. Rxg3+
Kh5 35. Rxh3+ Kg4 36. Kg2 f5 37. e5 1-0

[Event "Challenge"]
[Site "http://www.queenalice.com/game.php?id=788136"]
[Date "2010.6.10"]
[Round "-"]
[White "Gandalfs"]
[Black "blackwolf"]
[Result "0-1"]
[WhiteElo "1254"]
[BlackElo "1878"]

1. e4 e5 2. f3 Nf6 3. d4 exd4 4. Qxd4 Nc6 5. Qa4 d6 6. Bc4 Bd7 7. Qb3 Ne5 8.
Bxf7+ Nxf7 9. f4 Bc6 10. Nc3 Qd7 11. f5 O-O-O 12. Qe6 Re8 13. Qxd7+ Kxd7 14. Bf4
Nxe4 15. Nxe4 Bxe4 16. O-O-O Bxf5 17. Nf3 Be7 18. Nd4 Bg6 19. c3 Bg5 20. Bxg5
Nxg5 21. Rde1 Rxe1+ 22. Rxe1 Re8 23. Rxe8 Bxe8 24. b4 c5 25. Nf5 g6 26. Ng7 h5
27. Nxe8 Kxe8 28. b5 Ke7 29. a4 Ke6 30. a5 Ke5 31. b6 a6 32. g3 Ke4 33. h4 Nf3
34. c4 Kd4 35. g4 Nxh4 0-1

[Event "Challenge"]
[Site "http://www.queenalice.com/game.php?id=791613"]
[Date "2010.6.17"]
[Round "-"]
[White "Gandalfs"]
[Black "ries87"]
[Result "0-1"]
[WhiteElo "1252"]
[BlackElo "1367"]

1. e4 c5 2. Nc3 Nc6 3. Qh5 Nf6 4. Qxc5 e5 5. Qc4 Nd4 6. Nd5 Nxe4 7. c3 b5 8.
Nc7+ Ke7 9. Nxa8 bxc4 10. cxd4 exd4 11. Bxc4 Bb7 12. d3 Nc5 13. Bg5+ f6 14.
Bxf6+ Kxf6 15. Nf3 Bxa8 16. Nxd4 Qa5+ 17. Ke2 Ne6 18. Nb3 Qe5+ 19. Kd2 Qxb2+ 20.
Ke3 Bc5+ 21. d4 Nxd4 22. Nxc5 d6 23. Rhb1 Nf5+ 24. Kf4 Qxf2+ 25. Kg4 h5+ 26. Kh3
Bxg2# 0-1

[Event "A volta!"]
[Site "http://www.queenalice.com/game.php?id=871665"]
[Date "2010.12.14"]
[Round "-"]
[White "alinemate"]
[Black "Gandalfs"]
[Result "1-0"]
[WhiteElo "1030"]
[BlackElo "1248"]

1. Nc3 e6 2. e3 d5 3. Bb5+ Bd7 4. Nf3 c6 5. Ba4 Bc5 6. d4 Bb4 7. O-O b5 8. a3
Qe7 9. Ne5 Bd6 10. Qg4 bxa4 11. Qxg7 Qf6 12. Qg3 Ne7 13. e4 Rg8 14. Ng4 Bf4 15.
Nxf6+ Kf8 16. Nxh7+ Ke8 17. Qxf4 Ng6 18. Qh6 Nf4 19. Bxf4 dxe4 20. Nxe4 Ke7 21.
b3 c5 22. bxa4 Bxa4 23. Rab1 Bxc2 24. Rb7+ Nd7 25. Bg5+ f6 26. Qxf6+ Ke8 27.
Nd6# 1-0

[Event "Challenge"]
[Site "http://www.queenalice.com/game.php?id=887884"]
[Date "2011.1.18"]
[Round "-"]
[White "takebora"]
[Black "Gandalfs"]
[Result "0-1"]
[WhiteElo "1228"]
[BlackElo "1232"]

1. d4 e6 2. c3 Nf6 3. f3 Bd6 4. h4 c6 5. a4 b6 6. b4 O-O 7. e4 Bb7 8. e5 Be7 9.
exf6 Bxf6 10. g3 d5 11. Bh6 gxh6 12. Bd3 Qd6 13. Bxh7+ Kxh7 14. Qd2 Qxg3+ 15.
Qf2 Rg8 16. Ne2 Qg6 17. Rg1 Nd7 18. Rxg6 fxg6 19. Nd2 g5 20. hxg5 Rxg5 21. O-O-O
b5 22. f4 Rh5 23. Ng3 Bh4 24. Nf3 Rg8 25. Qc2+ Rg6 0-1

[Event "OS INCLIVEIS"]
[Site "http://www.queenalice.com/game.php?id=1197567"]
[Date "2013.7.6"]
[Round "-"]
[White "adelio"]
[Black "Gandalfs"]
[Result "1-0"]
[WhiteElo "1711"]
[BlackElo "1248"]

1. d4 e6 2. e4 Bb4+ 3. c3 Ba5 4. b4 Nf6 5. Bg5 h6 6. Bxf6 gxf6 7. bxa5 f5 8. e5
f4 9. Nd2 Nc6 10. Nb3 b6 11. Qg4 f5 12. Qg7 Rf8 13. h4 Qf6 14. exf6 f3 15. Nxf3
d5 16. Bb5 Bd7 17. Bxc6 Bxc6 18. Qe7# 1-0

[Event "OS INCLIVEIS"]
[Site "http://www.queenalice.com/game.php?id=1197570"]
[Date "2013.7.6"]
[Round "-"]
[White "Gandalfs"]
[Black "adelio"]
[Result "0-1"]
[WhiteElo "1246"]
[BlackElo "1726"]

1. e4 e5 2. Nf3 f6 3. Nc3 c6 4. d3 d6 5. b3 a6 6. a4 Ra7 7. Ba3 b6 8. Qd2 g5 9.
h4 g4 10. Nh2 h5 11. f4 g3 12. Nf3 Bg4 13. Be2 Bxf3 14. Bxf3 c5 15. Nd5 Nc6 16.
fxe5 Nxe5 17. Qf4 Nxf3+ 18. gxf3 g2 0-1

[Event "Challenge"]
[Site "http://www.queenalice.com/game.php?id=1200111"]
[Date "2013.7.15"]
[Round "-"]
[White "rodrigochess"]
[Black "Gandalfs"]
[Result "1-0"]
[WhiteElo "1373"]
[BlackElo "1236"]

1. e4 e6 2. Nf3 d5 3. Nc3 dxe4 4. Nxe4 f5 5. Nc3 Bb4 6. Be2 Nf6 7. O-O Ne4 8. d3
Nxc3 9. bxc3 Bxc3 10. Rb1 Ba5 11. Bb2 c5 12. Bxg7 Rg8 13. Bh6 Qf6 14. Bg5 Rxg5
15. Nxg5 Qg6 16. Nh3 Nc6 17. Bh5 Qxh5 18. Qxh5+ Kd7 19. Qxh7+ Ne7 20. Rb5 b6 21.
Rd1 a6 22. Rbb1 b5 23. d4 Bb7 24. dxc5+ Bd5 25. Nf4 Rg8 26. Nxd5 Kc6 27. Qxe7
exd5 28. Qd6+ Kb7 29. Rxd5 Bc7 30. c6+ Kb6 31. Qd7 Rd8 32. Qe6 Rd6 33. Rxd6 Bxd6
34. Qxd6 b4 35. c7+ Kb5 36. c8=Q a5 37. Qxf5+ Ka4 38. h4 Ka3 39. Rb3+ Kxa2 40.
Qxa5# 1-0